Регионална библиотека "Любен Каравелов" - Русе

Страхотните 5 (Запис номер 159674)

MARC детайли
000 -Лидер
Контролно поле с фиксирана дължина 01887nam a2200409 c 4500
003 - Код на организацията, давaща контролен номер
Контролно поле BLK
005 - Дата и час на последна редакция
Контролно поле 20230216163651.0
008 - Елементи от данни с фиксирана дължина
fixed length control field 180410b bul|||||r ||||||| ||bul||
010 ## - Наследен системен номер
LC control number KNG00166847000
020 ## - Международен стандартен номер на книга ISBN
Международен стандартен номер на книга ISBN 978-954-625-948-6
-- издат.: Фют - на том(кн. 4)
040 ## - Източник на каталожния запис
Идентификатор на билиотеката - собственик на записа BLK
041 ## - Код за език
Код за езика на текст/звукозапис или на отделно заглавие Български
Код за езика КДБФ Български
072 #7 - Код за тематичната категория
Код организация bullib
Код за тематична категория Н85
Текст Детска художествена литература Н
080 ## - УДК
Текстов определител УДК Немска литература
УДК код - определител по УДК 821.112.2
УДК определител -93-322.4
УДК - код + определител 821.112.2-93-322.4
100 1# - Редна дума - Автор
Автор Рийкхоф, Сибиле
Авторска отговорност първи автор
R(LIN) 116192
139 ## - Редно поле
Редна дума Рийкхоф, Сибиле
Авторски знак Риз - Р 60
245 10 - Сведения за заглавието
Заглавие Страхотните 5
Подзаглавни данни Кн. 1 -
Редно поле (дума) Сибиле Рийкхоф; ил. Фолкер Фредрих; прев. Жечка Ангелова Караславова.
Том Кн. 4
Заглавие на том Черният рицар и килията с тринайсетте стъпала
257 ## - Страна на издаване
Страна на създаване/издаване Германия
260 ## - Област на издателските данни
-- София
Година на издаване 2013 -
300 ## - Физическа характеристика
Размери/Мащаб 20 см
380 ## - Жанр
Жанр Детска худож. лит.
500 ## - Общи забележки
Забележка Ориг. загл. Die Coolen 5 / Sibylle Rieckhoff.
653 ## - Ключова дума – ненормативна
Ключова дума крими
653 ## - Ключова дума – ненормативна
Ключова дума повести
653 ## - Ключова дума – ненормативна
Ключова дума литература за деца
653 ## - Ключова дума – ненормативна
Ключова дума детска литература
653 ## - Ключова дума – ненормативна
Ключова дума книги-игри
659 ## - Тематичен бюлетин
Тематичен бюлетин Н
700 1# - Други автори (авторска отговорност)
Лично име Фредрих, Фолкер
Автороска отговорност (Описва отношението между автора и произведението) ил.
9 (RLIN) 134893
700 1# - Други автори (авторска отговорност)
Лично име Караславова, Жечка Ангелова
Автороска отговорност (Описва отношението между автора и произведението) прев.
9 (RLIN) 368049
760 1# - Описание на основната серия
-- - на том(кн. 4)
Редна дума на основното описание Рийкхоф, Сибиле
Място на издаване, издател и година Фют, 2014
Страници - том 96 с. : с ил.
Забележка - том Ориг. загл. Der schwarze Ritter und die Kammer der dreizehn Stuffen.
Заглавие Кн. 4 Черният рицар и килията с тринайсетте стъпала
852 ## - Местоположение
Форматна сигнатура Цб 271322
856 4# - Електронен адрес и достъп
Електронен формат pdf - файл
Път до файла /url/
856 4# - Електронен адрес и достъп
Електронен формат pdf - файл
Път до файла /url/
942 ## - АРТИКУЛИ
Вид на библиотечния материал Книги
Скрит в OPAC Не
Koha issues (borrowed), all copies 6
944 ## - СЪЗДАВАНЕ И РЕДАКЦИЯ на ЗАПИСА
Създаване/Редакция Създаване
Дата на регистрацията/редакция 05.11.2014
Статус, дата на статуса ф /
Служител, извършил регистрацията/редакцията Пенка_Димитрова
944 ## - СЪЗДАВАНЕ И РЕДАКЦИЯ на ЗАПИСА
Създаване/Редакция Редакция
Дата на регистрацията/редакция 05.01.2016
Статус, дата на статуса ф /
Служител, извършил регистрацията/редакцията Людмила_Стоянова
999 ## - СИСТЕМНИ КОНТРОЛНИ НОМЕРА
Koha biblionumber 159674
Koha biblioitemnumber 159674
Наличности
Код за отписване Код за изгубен артикул Код за повреда Коз за рестрикции Код за отдаване Артикулен № Име на библиотеката - собственик Име на библиотеката, в която се намира в момента Статус (Текущо местоположение) Дата на вписване в системата Местоположение - отдел Цена в лева Инвентарен номер Систематично азбучна сигнатура Баркод Номер на екземпляра Цена в евро Служебна бележка Служебен тип на артикула
  Не е изгубен Не е повреден без рестрикции заемане за дома 266899 Регионална библиотека "Любен Каравелов" Русе Регионална библиотека "Любен Каравелов" Русе Детски отдел 2014-11-06 Детски отдел 5.99 120000781914 ДХ 820/899/Р 60 120000781914 1 3.06 Дост: Pk Вид: Ф N: 415 Дата: 06.11.2014 Дата инв: 10.08.2015 Бележки инв: Д2015 Книги
  Не е изгубен Не е повреден без рестрикции заемане за дома 266900 Регионална библиотека "Любен Каравелов" Русе Регионална библиотека "Любен Каравелов" Русе Детски отдел 2014-11-06 Детски отдел 5.99 120000781915 ДХ 820/899/Р 60 120000781915 2 3.06 Дост: Pk Вид: Ф N: 415 Дата: 06.11.2014 Дата инв: 10.08.2015 Бележки инв: Д2015 Книги
  Не е изгубен Не е повреден без рестрикции ползва се в читалня 266901 Регионална библиотека "Любен Каравелов" Русе Регионална библиотека "Любен Каравелов" Русе Хранилище 2015-10-22 Хранилище 5.99 120000793931 Цб 271322 120000793931 3 3.06 Дост: Dp Вид: Д N: 37 Дата: 28.08.2015 Книги
Vip Innovations Ltd, Rousse, Bulgaria 2025